| 000 | 01455nam a2200457 i 4500 | ||
|---|---|---|---|
| 001 | 7274 | ||
| 003 | KOSZ 005 | ||
| 005 | 20201023083545.0 | ||
| 008 | 071019s1971 pl a f f |000 0 pol | ||
| 015 | _aPB 1971/10008 | ||
| 035 | _a991037515859705066 | ||
| 035 | _a(PL-WaBN)b20059875-48omnis_nlop | ||
| 035 | _ab20059875 | ||
| 035 | _a(OCoLC)749754240 | ||
| 035 | _a(PL)b0000002005987 | ||
| 035 | _a(EXLNZ-48OMNIS_NETWORK)9910343603805606 | ||
| 040 |
_aWA N _cWA N _dKOSZ 005/EC |
||
| 041 | _apol | ||
| 046 | _k1971 | ||
| 080 | _a54 | ||
| 100 | 1 |
_aKaczyński, Jerzy _c(metaloznawstwo). _eAutor |
|
| 245 | 1 | 0 |
_aChemia ogólna / _cJ. Kaczyński, A. Czaplicki. |
| 260 |
_aWarszawa : _bWydawnictwa Naukowo-Techniczne, _c1971. |
||
| 300 |
_a346 s. : _bil. ; _c23 cm. |
||
| 336 |
_2rdacontent _aTekst _btxt |
||
| 337 |
_2rdamedia _aBez urządzenia pośredniczącego _bn |
||
| 338 |
_2rdacarrier _aWolumin _bnc |
||
| 380 | _aKsiążki | ||
| 380 | _aPublikacje dydaktyczne | ||
| 385 |
_mPoziom nauczania _aSzkoły wyższe |
||
| 388 | _a1901-2000 | ||
| 388 | _a1945-1989 | ||
| 650 | 7 |
_aChemia _2DBN |
|
| 655 | 7 |
_aPodręczniki _2DBN |
|
| 658 | _aChemia | ||
| 700 | 1 |
_aCzaplicki, Andrzej. _eAutor |
|
| 710 | 2 |
_aWydawnictwa Naukowo-Techniczne _4pbl |
|
| 856 |
_uhttp://koha.tu.koszalin.pl/cgi-bin/koha/opac-detail.pl?biblionumber=7274 _yKatalog online BPK |
||
| 942 |
_2UKD _cKS |
||
| 999 |
_c7274 _d7274 |
||